Statistics for Dead Poets Society - Quotes

Click here to take the quiz!

General Stats

  • This quiz has been taken 28 times
  • The average score is 9 of 14

Answer Stats

Said ByQuoteAnswer% Correct
Charlie Dalton'Mr. Nolan, it's for you. It's God. He says we should have _____ at Welton'Girls
96%
Charlie Dalton'Dammit Neil, the name is ______'Nuwanda
91%
Mr Keating'You can either call me Mr Keating, or if you're slightly more daring _, ____ __ ______'O Captain! My Captain
87%
Mr Keating'But if you listen real close, you can hear them whisper their legacy to you. Go in, lean in... (whispers) ____ ____'Carpe Diem
83%
Mr Keating'The Dead Poets were dedicated to sucking the _____ out of life'Marrow
74%
Charlie Dalton'Laughing. Crying. Tumbling. Mumbling. Gotta do more. Gotta __ ____'Be More
70%
Mr Hopkins'A cat sat on the ___'Mat
70%
Mr Keating
(Walt Whitman)
'I sound my _____ ____ over the rooftops of the world'Barbaric Yawp
52%
Mr Nolan and School Boys'Gentleman, what are the four pillars?' 'Tradition, Honour, Discipline, _____'Excellence
52%
Mr Keating'Mr Anderson? Don't think that I don't know that this assignment scares the hell out of you, you ___'Mole
48%
Mr Keating'Carpe diem, seize the day. Gather ye ______ while ye may'Rosebuds
48%
Todd Anderson'A _____-_____ madman with a stare that pounds my brain'Sweaty Toothed
48%
Charlie DaltonMr Keating: 'Why do I stand up here? Anybody?'
Charlie Dalton: '__ ____ _____'
To Feel Taller
48%
Boys chanting in the Cave'Then I saw the Congo, creeping through the black, cutting down the forest with a _____ _____'Golden Track
30%

Score Distribution

Percentile by Number Answered

Percent of People with Each Score

Your Score History

You have not taken this quiz